000 00784nam a2200253 a 4500
001 BRL_116
005 20190320210609.0
008 151012s1986----mx-ao#####---#010-0#spa-u
020 _a968854020X
041 _aspa
044 _amx
050 4 _aND259.R5
_b.C37 1986
100 1 _aCarrillo Azpeitia, Rafael
_94977
245 1 0 _aDiego Rivera pintor del pueblo
_cpor Rafael Carrillo Azpeitia.
260 _aMéxico
_bConsejo Nacional de Recursos para la Atención de la Juventud (CREA)
_c1986
300 _a61 p.
_bil.
_c22 cm.
440 0 _aSerie Juventud democrática
_v17
_922956
500 _aIncluye dedicatoria para Ruth, Dic. 19/86
500 _aAu149
600 1 4 _aRivera, Diego
_d1886-1957
_91330
650 1 4 _aPintores mexicanos
_94220
902 _aGRL
942 _2lcc
_cB
999 _c8929
_d8929